The comprehension toolkit language andlessons for active literacy (Record no. 25128)

MARC details
000 -LEADER
fixed length control field 00600nam a22001937a 4500
003 - CONTROL NUMBER IDENTIFIER
control field OSt
005 - DATE AND TIME OF LATEST TRANSACTION
control field 20260624120240.0
008 - FIXED-LENGTH DATA ELEMENTS--GENERAL INFORMATION
fixed length control field 260624b |||||||| |||| 00| 0 eng d
020 ## - INTERNATIONAL STANDARD BOOK NUMBER
International Standard Book Number 0-325-0058-4
040 ## - CATALOGING SOURCE
Transcribing agency Chuka University Library
050 ## - LIBRARY OF CONGRESS CALL NUMBER
Classification number LB 1050 45
Item number .H37 2005
100 ## - MAIN ENTRY--PERSONAL NAME
Personal name Harvey Stephanie
9 (RLIN) 27917
245 ## - TITLE STATEMENT
Title The comprehension toolkit language andlessons for active literacy
Remainder of title Extend and investigate
260 ## - PUBLICATION, DISTRIBUTION, ETC.
Place of publication, distribution, etc. New York
Name of publisher, distributor, etc. Firsthand
Date of publication, distribution, etc. 2005
300 ## - PHYSICAL DESCRIPTION
Extent 144
Other physical details Illustrations
650 ## - SUBJECT ADDED ENTRY--TOPICAL TERM
Topical term or geographic name entry element Reading comprehension
9 (RLIN) 27306
650 ## - SUBJECT ADDED ENTRY--TOPICAL TERM
Topical term or geographic name entry element Reading(elementary)
9 (RLIN) 31009
942 ## - ADDED ENTRY ELEMENTS (KOHA)
Source of classification or shelving scheme Library of Congress Classification
Koha item type Long Loan Books
Suppress in OPAC No
Holdings
Withdrawn status Lost status Source of classification or shelving scheme Damaged status Not for loan Collection Home library Current library Shelving location Date acquired Source of acquisition Cost, normal purchase price Total Checkouts Full call number Barcode Date last seen Copy number Price effective from Koha item type
    Library of Congress Classification     General Collection Books Main Campus Library Main Campus Library General Stacks 24/06/2026 Donations from books for Africa 6070.00   LB 1050.45 .H37 2005 35877/2026 24/06/2026 3 24/06/2026 Long Loan Books
    Library of Congress Classification     General Collection Books Main Campus Library Main Campus Library General Stacks   Donations from books for Africa 6070.00   LB 1050.45 .H37 2005 35844/2026 24/06/2026 2   Long Loan Books
    Library of Congress Classification     General Collection Books Main Campus Library Main Campus Library General Stacks 24/06/2026 Donations from books for Africa 6070.00   LB 1050.45 .H37 2005 35845/2026 24/06/2026 1 24/06/2026 Long Loan Books

Powered by Koha